Catalog

Record Details

Catalog Search



Desatero : příběhy k jednotlivým přikázáním Božího zákona : příběhy pro děti od 13 let a dospívající mládež, vhodné jako doplněk ke katechezi i pro samostatnou četbu  Cover Image Book Book

Desatero : příběhy k jednotlivým přikázáním Božího zákona : příběhy pro děti od 13 let a dospívající mládež, vhodné jako doplněk ke katechezi i pro samostatnou četbu / Josef Janšta ; Ilustr. Petr Káňa ; Graf. úprava Eva Mikšů

Janšta, Josef, 1950- (Author). Káňa, Petr (Illustrator). Mikšů, Eva (Artist).

Record details

  • Physical Description: 121 s. : obr. ; 21 cm
  • Edition: 1. vyd.
  • Publisher: Olomouc : Matice cyrilometodějská : 1993
Subject: křesťanská výchova
Desatero
Genre: publikace pro děti
příběhy

Available copies

  • 1 of 1 copy available at Common Catalog SPOK.

Holds

  • 0 current holds with 1 total copy.
Show Only Available Copies
Location Call Number / Copy Notes Barcode Shelving Location Status Due Date
Jabok Library PT-7.3 424480039211 Odborná literatura Available -

LDR 01427nam a2200373 a 4500
00129125
003CZ-PrJAB
00520171003114509.0
007ta
008940418s1993 xr a c u0|0 j cze
015 . ‡acnb000080319
020 . ‡q(Brož.)
035 . ‡a(CZ PrNK)np9319272
035 . ‡a(OCoLC)39603606
040 . ‡aABA001 ‡bcze
072 7. ‡a27-4 ‡xPraktická teologie. Morální teologie ‡2Konspekt ‡95
072 7. ‡a0/9-053.2 ‡xLiteratura pro děti a mládež (naučná) ‡2Konspekt ‡926
080 . ‡a821-93 ‡2MRF
080 . ‡a27-47 ‡2MRF
080 . ‡a27-428-242.6 ‡2MRF
080 . ‡a(0:82-32) ‡2MRF
1001 . ‡aJanšta, Josef, ‡d1950- ‡7jn19990201031 ‡4aut
24510. ‡aDesatero : ‡bpříběhy k jednotlivým přikázáním Božího zákona : příběhy pro děti od 13 let a dospívající mládež, vhodné jako doplněk ke katechezi i pro samostatnou četbu / ‡cJosef Janšta ; Ilustr. Petr Káňa ; Graf. úprava Eva Mikšů
250 . ‡a1. vyd.
260 . ‡aOlomouc : ‡bMatice cyrilometodějská : ‡bKatechetické centrum, ‡c1993
300 . ‡a121 s. : ‡bobr. ; ‡c21 cm
65007. ‡akřesťanská výchova ‡7ph122115 ‡2czenas
65007. ‡aDesatero ‡7ph117502 ‡2czenas
655 7. ‡apublikace pro děti ‡7fd133156 ‡2czenas
655 7. ‡apříběhy ‡7fd133204 ‡2czenas
7001 . ‡aKáňa, Petr ‡4ill
7001 . ‡aMikšů, Eva ‡4art
910 . ‡aABG312
964 . ‡aDesatero - příběhy didaktické - publikace pro děti
901 . ‡a29125 ‡b ‡c29125 ‡tbiblio

Additional Resources